00361nam a2200121Ia 4500003000400000008004100004040001600045082001700061245008900078260005600167300001100223490000500234GCL140319s9999 xx 000 0 ara d aGCL / cGCL04a923.2bع ا10aاخوة الدم: سيرة ذاتية للاب الدكتور الياس مشقور a[S.N] : bالمكتبة الثقافية ، c1994 a198 ص a